Countries with no Rivers - Statistics

General Stats
  • This quiz has been taken 18 times
  • The average score is 12 of 17
Answer Stats
Hint Answer % Correct
13. Saudi Arabia
83%
14. Tuvalu
83%
9. Monaco
78%
11. Oman
78%
12. Qatar
78%
15. United Arab Emirates
78%
17. Yemen
78%
2. Bahrain
72%
10. Nauru
72%
5. Kuwait
67%
6. Maldives
67%
8. Marshall Islands
67%
4. Kiribati
61%
7. Malta
61%
16. Vatican City
61%
3. Comoros
56%
1. Bahamas
39%
No matching quizzes found
Score Distribution
Percent of People with Each Score
Percentile by Number Answered
Your Score History
You have not taken this quiz